000 00301nam a2200121Ia 4500
008 151213s9999 xx 000 0 und d
245 _aAnnual Budget 2005 -06
_bFinance Division
260 _aDhaka
_bGovt.
_c2005 -06
300 _a2356 p.
650 _aEconomics
650 _aEconomics
999 _c1665
_d1665